000 00702nam a2200181Ia 4500
008 090124s9999 xx 000 0 und d
082 _b34496
100 _a"शिरसाठ शेखर,झरीकर कल्पना"
245 _a विविध खेळ आणि नियम
250 _a1
260 _bधीर संजय भोला
_c2008
300 _a208
600 _a"शिरसाठ शेखर,झरीकर कल्पना"
630 _a विविध खेळ आणि नियम
700 _a"शिरसाठ शेखर,झरीकर कल्पना"
730 _a विविध खेळ आणि नियम
942 _cBOOK
999 _c200428
_d200428